| 000 | 00584nam a22001817a 4500 | ||
|---|---|---|---|
| 005 | 20251108164232.0 | ||
| 008 | 250721s1986 xx 000 0 ara d | ||
| 082 | 1 | 4 | _a128/لوي |
| 100 | 1 | _aلويس، جون | |
| 245 | 1 | 0 | _aالإنسان ذلك الكائن الفريد / |
| 264 | 1 |
_aبغداد : _bدار الشؤون الثقافية العامة، _c1986. |
|
| 300 | _a261ص | ||
| 490 | 0 | _aالألف كتاب الثاني ؛ 18 | |
| 650 | 1 | 7 | _aالعلوم الإنسانية |
| 700 | 1 |
_aالكاظم، صالح جواد _eترجمة |
|
| 942 |
_2ddc _cBK |
||
| 999 |
_c7084 _d7084 |
||